000 00662cam a2200205 4500500
005 20260329001625.0
041 _afre
042 _adc
100 1 0 _aValentin, Vincent
_eauthor
245 0 0 _a“Les vices privés font la vertu publique” : Bernard Mandeville, dans “La Fable des abeilles” (1705)
260 _c2008.
500 _a6
690 _aAction
690 _aBernard Mandeville
690 _aMorale
690 _aVertu
690 _aVice
786 0 _nPhilosophie magazine | 18 | 4 | 2008-04-01 | p. 24-24 | 1951-1787
856 4 1 _uhttps://shs.cairn.info/magazine-philosophie-magazine-2008-4-page-24?lang=fr&redirect-ssocas=7080
999 _c1807047
_d1807047